[Event "FAI-chT 2122"]
[Site "Faroe Islands"]
[Date "2022.03.13"]
[Round "9.4"]
[White "Berg, Margar"]
[Black "Olsen, Alfred A"]
[Result "1/2-1/2"]
[WhiteElo "1975"]
[BlackElo "1806"]
[PlyCount "94"]
[EventDate "2021.10.03"]
[EventType "team-tourn"]
[EventRounds "10"]
[EventCountry "FAI"]
[SourceTitle "EXT 2023"]
[Source "ChessBase"]
[SourceDate "2022.10.05"]
[SourceVersion "1"]
[SourceVersionDate "2022.10.05"]
[SourceQuality "1"]
[WhiteTeam "Havnin II"]
[BlackTeam "Vestmanna"]
[WhiteTeamCountry "FAI"]
[BlackTeamCountry "FAI"]

1. g3 Nf6 2. Bg2 e5 3. c4 Bc5 4. Nc3 d6 5. d3 0-0 6. Nf3 Re8 7. Bg5 Nbd7 8. a3 a5 9. 0-0 h6 10. Bd2 c6 11. Na4 Ba7 12. b4 axb4 13. axb4 Rb8 14. Nc3 Bb6 15. Qc2 Nf8 16. b5 Bd7 17. Rfb1 Ne6 18. e3 Qc7 19. Qb2 Nc5 20. d4 exd4 21. exd4 Nce4 22. Bf4 Bf5 23. Nxe4 Nxe4 24. c5 Bxc5 25. dxc5 Nxc5 26. Rd1 Nd3 27. Qd4 Nxf4 28. Qxf4 Be6 29. Qxd6 Qxd6 30. Rxd6 cxb5 31. Rb6 Bc4 32. Nd4 Rbd8 33. Nxb5 Re2 34. Rd6 Rde8 35. Bf1 Re1 36. Rdd1 Bxf1 37. Nd6 Rxd1 38. Rxd1 Be2 39. Re1 Re6 40. Nxb7 Bf3 41. Rxe6 fxe6 42. Nc5 Kf7 43. Nd3 Kf6 44. Ne1 Be4 45. f3 Bb7 46. Kf2 g5 47. Ke3 h5 1/2-1/2

[Event "FAI-chT2 2021"]
[Site "Faroe Islands"]
[Date "2020.11.22"]
[Round "5.4"]
[White "Olsen, Alfred A"]
[Black "Andreasen, Jon S"]
[Result "1/2-1/2"]
[WhiteElo "1772"]
[BlackElo "1693"]
[PlyCount "137"]
[EventDate "2020.10.04"]
[EventType "team-tourn"]
[EventRounds "10"]
[EventCountry "FAI"]
[SourceTitle "EXT 2022"]
[Source "ChessBase"]
[SourceDate "2021.10.06"]
[SourceVersion "1"]
[SourceVersionDate "2021.10.06"]
[SourceQuality "1"]
[WhiteTeam "Vestmanna"]
[BlackTeam "Havnin III"]
[WhiteTeamCountry "FAI"]
[BlackTeamCountry "FAI"]

1. e4 c6 2. d4 d5 3. Nc3 dxe4 4. Nxe4 Nf6 5. Nxf6+ exf6 6. Nf3 Bd6 7. Bd3 0-0 8. 0-0 Bg4 9. Be3 Nd7 10. c4 Re8 11. Qc2 Nf8 12. Nh4 Qc7 13. h3 Bd7 14. Nf5 Bf4 15. Rae1 Bxf5 16. Bxf5 g6 17. Bd3 Rad8 18. Qd2 Ne6 19. Bxf4 Nxf4 20. Re4 Nxd3 21. Qxd3 Rxe4 22. Qxe4 Qb6 23. d5 cxd5 24. cxd5 Qxb2 25. Rb1 Qxa2 26. Rxb7 Qxd5 27. Qxd5 Rxd5 28. Rxa7 h5 29. g3 g5 30. Ra4 Kg7 31. Kg2 Kg6 32. Kf3 Re5 33. Kg2 Re2 34. Ra8 Kg7 35. Ra6 f5 36. Ra5 Kg6 37. Ra8 f6 38. Rg8+ Kh7 39. Ra8 Re4 40. Ra5 Kg6 41. Ra2 h4 42. f3 Rb4 43. g4 fxg4 44. fxg4 Rb3 45. Rc2 Rg3+ 46. Kh2 Re3 47. Kg2 Re6 48. Ra2 f5 49. gxf5+ Kxf5 50. Rf2+ Kg6 51. Ra2 Re4 52. Kh2 Kf5 53. Rf2+ Rf4 54. Ra2 Re4 55. Rf2+ Ke5 56. Kg2 Re3 57. Ra2 Rg3+ 58. Kh2 Rd3 59. Kg2 Rd4 60. Kf3 Rf4+ 61. Kg2 Kf5 62. Ra5+ Kg6 63. Ra6+ Kh5 64. Ra2 Rf5 65. Rb2 g4 66. hxg4+ Kxg4 67. Rb4+ Kg5 68. Kh3 Rf3+ 69. Kg2 1/2-1/2

[Event "FAI-chT2 1617"]
[Site "Faroe Islands"]
[Date "2017.02.12"]
[Round "7.3"]
[White "Hansen, Joannes V"]
[Black "Olsen, Alfred A"]
[Result "0-1"]
[WhiteElo "1772"]
[BlackElo "1788"]
[PlyCount "74"]
[EventDate "2016.10.23"]
[EventType "team-tourn"]
[EventRounds "10"]
[EventCountry "FAI"]
[SourceTitle "EXT 2020"]
[Source "ChessBase"]
[SourceDate "2019.10.17"]
[SourceVersion "1"]
[SourceVersionDate "2019.10.17"]
[SourceQuality "1"]
[WhiteTeam "Havnin IV"]
[BlackTeam "Vestmanna"]
[WhiteTeamCountry "FAI"]
[BlackTeamCountry "FAI"]

1. d4 d5 2. Nf3 Nf6 3. Bf4 Bf5 4. e3 e6 5. c4 Be7 6. Nc3 a6 7. cxd5 Nxd5 8. Nxd5 exd5 9. Qb3 Bc8 10. Bd3 0-0 11. 0-0 Nc6 12. Rac1 Bd6 13. Bg5 Be7 14. Bxe7 Nxe7 15. Qc2 c6 16. Bxh7+ Kh8 17. Bd3 g6 18. Qb3 Kg7 19. Ne5 f6 20. Nf3 g5 21. Rfe1 g4 22. Nd2 f5 23. Nf1 Ng6 24. Ng3 Qh4 25. Nf1 f4 26. Bxg6 Kxg6 27. exf4 Qh6 28. g3 Rh8 29. Qb4 Rh7 30. Re5 Rf7 31. Rce1 Bf5 32. Re7 Raf8 33. Qxb7 Be4 34. Qxc6+ Rf6 35. Re6 Qh3 36. Ne3 Qxh2+ 37. Kf1 Bd3+ 0-1

[Event "FAI-chT2 1617"]
[Site "Faroe Islands"]
[Date "2017.01.28"]
[Round "5.4"]
[White "Olsen, Alfred A"]
[Black "Mikkelsen, Petur Pall"]
[Result "1/2-1/2"]
[WhiteElo "1788"]
[BlackElo "1622"]
[PlyCount "94"]
[EventDate "2016.10.23"]
[EventType "team-tourn"]
[EventRounds "10"]
[EventCountry "FAI"]
[SourceTitle "EXT 2020"]
[Source "ChessBase"]
[SourceDate "2019.10.17"]
[SourceVersion "1"]
[SourceVersionDate "2019.10.17"]
[SourceQuality "1"]
[WhiteTeam "Vestmanna"]
[BlackTeam "Gota"]
[WhiteTeamCountry "FAI"]
[BlackTeamCountry "FAI"]

1. e4 c5 2. Nf3 d6 3. d4 cxd4 4. Nxd4 Nf6 5. Nc3 a6 6. f3 g6 7. Be3 Bg7 8. Qd2 0-0 9. g4 b5 10. a3 Bb7 11. h4 h5 12. gxh5 Nxh5 13. 0-0-0 Nd7 14. Be2 Ndf6 15. Rhg1 Rc8 16. Bh6 Kh7 17. Bxg7 Nxg7 18. Qg5 Rc5 19. Qg2 Qc7 20. Bd3 Nfh5 21. Nb3 Nf4 22. Qd2 Nxd3+ 23. cxd3 Rh5 24. Nd4 e5 25. Nde2 d5 26. exd5 Bxd5 27. Ng3 Bxf3 28. Nxh5 Bxh5 29. Rde1 Nf5 30. Kb1 Nd4 31. Ne4 f6 32. Rc1 Qf7 33. Nd6 Qd7 34. Qb4 a5 35. Qxa5 Qxd6 36. Rc7+ Kg8 37. Qa7 Ne6 38. Rh7 Qxd3+ 39. Ka1 Qf3 40. Re7 Ra8 41. Qd7 Nf8 42. Rg7+ Kh8 43. Qf7 Rxa3+ 44. bxa3 Qxa3+ 45. Kb1 Qd3+ 46. Kb2 Qd4+ 47. Kb3 Qc4+ 1/2-1/2

[Event "FAI-chT2 1516"]
[Site "Faroe Islands"]
[Date "2016.03.12"]
[Round "7.3"]
[White "Andreasen, Jon S"]
[Black "Olsen, Alfred A"]
[Result "1-0"]
[WhiteElo "1720"]
[BlackElo "1767"]
[PlyCount "63"]
[EventDate "2015.10.25"]
[EventType "team-tourn"]
[EventRounds "10"]
[EventCountry "FAI"]
[SourceTitle "EXT 2017"]
[Source "ChessBase"]
[SourceDate "2016.10.25"]
[SourceVersion "1"]
[SourceVersionDate "2016.10.25"]
[SourceQuality "1"]
[WhiteTeam "Havnin III"]
[BlackTeam "Vestmanna"]
[WhiteTeamCountry "FAI"]
[BlackTeamCountry "FAI"]

1. b3 Nc6 2. Bb2 e5 3. e3 Nf6 4. Bb5 d6 5. h3 Be7 6. Ne2 Bd7 7. f4 exf4 8. Nxf4 a6 9. Be2 0-0 10. 0-0 Ne4 11. d3 Ng3 12. Rf3 Bh4 13. Nd2 Ne5 14. Bxe5 dxe5 15. Nd5 Bxh3 16. gxh3 Qxd5 17. Nf1 Nxe2+ 18. Qxe2 e4 19. Rf4 exd3 20. cxd3 Bf6 21. Rc1 Qd6 22. d4 Rfe8 23. Qf3 c6 24. Rc2 Re6 25. Rg2 Rae8 26. Qg4 Kf8 27. h4 Ke7 28. Ng3 Kd8 29. Ne4 Qe7 30. Nxf6 Rxf6 31. Rxf6 Qxe3+ 32. Rff2 1-0

[Event "FAI-chT2 1415"]
[Site "Faroe Islands"]
[Date "2014.10.26"]
[Round "1.1"]
[White "Andreasen, Jakup a Rogvi"]
[Black "Olsen, Alfred A"]
[Result "1-0"]
[WhiteElo "1967"]
[BlackElo "1640"]
[PlyCount "73"]
[EventDate "2014.10.26"]
[EventType "team-tourn"]
[EventRounds "10"]
[EventCountry "FAI"]
[SourceTitle "CBM 163 Extra"]
[Source "ChessBase"]
[SourceDate "2014.12.23"]
[SourceVersion "1"]
[SourceVersionDate "2014.12.23"]
[SourceQuality "1"]
[WhiteTeam "Vestmanna"]
[BlackTeam "Vestmanna II"]
[WhiteTeamCountry "FAI"]
[BlackTeamCountry "FAI"]

1. d4 d5 2. c4 e6 3. Nc3 Nf6 4. Nf3 Nbd7 5. g3 b6 6. Bg2 Bb7 7. 0-0 c5 8. dxc5 bxc5 9. cxd5 exd5 10. Qa4 Be7 11. Ne5 0-0 12. Nxd7 Nxd7 13. Rd1 Nb6 14. Qg4 Bf6 15. a4 Bxc3 16. bxc3 a5 17. Bg5 Qd6 18. c4 h6 19. Bf4 Qe6 20. Qxe6 fxe6 21. Rab1 Nxa4 22. Rxb7 Nc3 23. Re1 dxc4 24. Be5 Nd5 25. Rxg7+ Kh8 26. Rg6+ Kh7 27. Rxe6 Rad8 28. Bd6 Rf5 29. Be4 Ne7 30. Bxe7 Rd7 31. Bxf5+ Kg8 32. Rg6+ Kh8 33. Bxd7 c3 34. Bf6+ Kh7 35. Rg7+ Kh8 36. Rb1 h5 37. Rb8# 1-0